| 000 -CABECERA |
| campo de control de longitud fija |
01311nkm a2200301 a 4500 |
| 001 - NÚMERO DE CONTROL |
| campo de control |
000056624 |
| 005 - FECHA Y HORA DE LA ÚLTIMA TRANSACCIÓN |
| campo de control |
20200120223305.0 |
| 007 - CAMPO FIJO DE DESCRIPCIÓN FÍSICA--INFORMACIÓN GENERAL |
| campo de control de longitud fija |
vducgaiz |
| 008 - DATOS DE LONGITUD FIJA--INFORMACIÓN GENERAL |
| campo de control de longitud fija |
130618m2012 ck nnn fs00 knspa d |
| 041 ## - CÓDIGO DE LENGUA |
| Código de lengua del texto/banda sonora o título independiente |
"spa |
| 090 ## - LOCALMENTE ASIGNADO TIPO-LC NÚMERO DE CLASIFICACIÓN (OCLC); NÚMERO DE CLASIFICACIÓN LOCAL (RLIN) |
| Número de clasificación (OCLC) (R) ; Numero de clasificación, CALL (RLIN) (NR) |
C |
| Número cutter local (OCLC) ; Número de libro/Signatura topográfica íntegra, CALL (RLIN) |
KAScu |
| 100 ## - ENTRADA PRINCIPAL--NOMBRE DE PERSONA |
| Nombre de persona |
Kasza, Keiko |
| 245 10 - MENCIÓN DE TÍTULO |
| Título |
Cuentame cuentos en LSC : |
| Resto del título |
una experiencia desde el PEBBI. |
| 260 ## - PUBLICACIÓN, DISTRIBUCIÓN, ETC. |
| Lugar de publicación, distribución, etc. |
Bogotá : |
| Nombre del editor, distribuidor, etc. |
Contacto, |
| Fecha de publicación, distribución, etc. |
2012. |
| 300 ## - DESCRIPCIÓN FÍSICA |
| Extensión |
2 DVD. |
| 490 ## - MENCIÓN DE SERIE |
| Mención de serie |
Desarrollando competencias del lenguaje. |
| 505 ## - NOTA DE CONTENIDO CON FORMATO |
| Información miscelánea |
v.1 |
| Título |
El estofado del lobo, Sapo tiene miedo, el origen de la miel, el más poderoso, el túnel, el día de campo de Don Chancho |
| 505 ## - NOTA DE CONTENIDO CON FORMATO |
| Información miscelánea |
v.2 |
| Título |
Los secretos del abuelo sapo, mi día de suerte, el sol y la luna, disculpe, ¿es usted una bruja?, Rumpelstiltskin, sapo es sapo |
| 505 ## - NOTA DE CONTENIDO CON FORMATO |
| Información miscelánea |
v.3 |
| Título |
El gato con botas, Cenicienta, Caperucita roja |
| 505 ## - NOTA DE CONTENIDO CON FORMATO |
| Información miscelánea |
v.4 |
| Título |
La sirenita, Juan y los fríjoles mágicos, la bella y la bestia |
| 505 ## - NOTA DE CONTENIDO CON FORMATO |
| Información miscelánea |
v.5 |
| Título |
Los tres cerditos, pinocho, los músicos de Bremen |
| 505 ## - NOTA DE CONTENIDO CON FORMATO |
| Información miscelánea |
v.6 |
| Título |
El soldadito de plomo, pulgarcito, Blancanieves y los siete enanitos |
| 650 14 - PUNTO DE ACCESO ADICIONAL DE MATERIA--TÉRMINO DE MATERIA |
| Término de materia o nombre geográfico como elemento de entrada |
Literatura infantil |
| Subdivisión de forma |
videodiscos. |
| 650 24 - PUNTO DE ACCESO ADICIONAL DE MATERIA--TÉRMINO DE MATERIA |
| Término de materia o nombre geográfico como elemento de entrada |
Animales en la literatura. |
| Subdivisión de forma |
videodiscos. |
| 650 24 - PUNTO DE ACCESO ADICIONAL DE MATERIA--TÉRMINO DE MATERIA |
| Término de materia o nombre geográfico como elemento de entrada |
Cuento infantil |
| Subdivisión de forma |
videodiscos. |
| 650 24 - PUNTO DE ACCESO ADICIONAL DE MATERIA--TÉRMINO DE MATERIA |
| Término de materia o nombre geográfico como elemento de entrada |
Fábulas. |
| Subdivisión de forma |
videodiscos. |
| 700 #1 - PUNTO DE ACCESO ADICIONAL--NOMBRE DE PERSONA |
| Nombre de persona |
Instituto nacional para sordos |
| Número Internacional Normalizado para Publicaciones Seriadas |
comp. |